| 000 | 00973nam a22003610a 4500 | ||
|---|---|---|---|
| 001 | UByD001260 | ||
| 003 | AR-LpoUNG | ||
| 005 | 20230103141709.0 | ||
| 008 | 221223s2009||||ag |||||||||||||||||spa d | ||
| 020 | _a9789871518449 | ||
| 040 |
_aAR-LpoUNG _bspa _cAR-LpoUNG _eaacr |
||
| 041 | _aspa | ||
| 044 | _aag | ||
| 082 | 0 | _aA861 469voc | |
| 245 | 1 | 0 |
_aVoces del silencio : _bpoetas que le cantan a Villa María |
| 250 | _a1ra. ed. | ||
| 260 |
_aVilla María : _bEduvim, _c2009. |
||
| 300 | _a82 p. | ||
| 650 | 4 | _aARGENTINA | |
| 650 | 4 | _aLITERATURA | |
| 650 | 4 | _aPOESIA | |
| 653 | _aLITERATURA ARGENTINA | ||
| 700 | 1 |
_aCharras, María Celia _esel. _epról. |
|
| 700 | 1 | _aAcheral, Andrés | |
| 700 | 1 | _aÁlvarez, Carlos Alberto | |
| 700 | 1 | _aBeletti, Primo Miguel | |
| 700 | 1 | _aBroggi Carranza, Héctor | |
| 700 | 1 | _aColasanti, Martha Teresa | |
| 700 | 1 | _aPfeiffer, Ernesto Ángel | |
| 700 | 1 | _aVera, Edith | |
| 905 | _a55265 | ||
| 942 |
_cLIB _2ddc |
||
| 999 |
_c63833 _d63833 |
||